| 000 | 00431nam a22001457a 4500 | ||
|---|---|---|---|
| 082 |
_a297.122521 _bQUR _cL-31, P-28 |
||
| 245 |
_aThe holy quran _bA. yusuf ali. |
||
| 260 |
_aLahore. _bMuhammad ashraf. _cc1938. |
||
| 300 |
_a408 p. _bill. _c36 cm. |
||
| 526 |
_a0 _b0 _c0 _d297_122521000000000_QUR |
||
| 526 |
_a0 _b0 _c0 _d297_122521000000000_QUR |
||
| 526 |
_a0 _b0 _c0 _d297_122521000000000_QUR |
||
| 650 |
_aMCE. _9379 |
||
| 942 |
_2ddc _cBK |
||
| 999 |
_c550380 _d550380 |
||